| 000 | 01430cad a22002175a 4500 | ||
|---|---|---|---|
| 001 | L152985 | ||
| 008 | 110901s2011 xxk 000 0 eng d | ||
| 035 | _a(Sirsi) u153796 | ||
| 041 | 0 | _aeng | |
| 050 | _a338.47624 $2 18 | ||
| 110 | 2 |
_aRoyal Institution of Chartered Surveyors _bEconomics _95033 |
|
| 245 | 0 | 0 |
_aRICS construction market survey _bUnited Kingdom, second quarter 2011 _h[electronic resource] |
| 260 |
_aLondon _bRICS _c2011 |
||
| 490 |
_aRICS Construction Market Survey United Kingdom _vSecond Quarter 2011 |
||
| 520 | _aThe Q2 2011 RICS Construction Market Survey highlights three key points. Firstly, total workloads remained broadly flat in the second quarter (the net balance fell from +6 to +2). Secondly, the regional divergence that emerged at the end of 2010 has become more pronounced this quarter, with London/South East recording rising workloads in contrast to the other parts of the country, where workloads are either declining or remain flat. Lastly, the sectoral breakdown shows public sector workloads continuing to decline in the face of cuts in government spending, whilst workloads in most parts of the private sector continue to rise. | ||
| 590 | _aKA | ||
| 651 | 4 |
_aUnited Kingdom _y |
|
| 690 | _aBUILT ENVIRONMENT-CONSTRUCTION MARKET | ||
| 856 | 4 | 0 |
_uhttps://www.rics.org/site/download_feed.aspx?fileID=10101&fileExtension=PDF _zView the report free of charge at www.rics.org |
| 942 | _n0 | ||
| 999 |
_c112703 _d112703 |
||